000 00425nam a2200169Ia 4500
003 GCL
008 140319s9999 xx 000 0 eng d
040 _aGCL /
_cGCL
082 0 4 _a750
_bB S
100 1 _aBECHETT, SISTERWENDY
245 1 0 _aTHE STORY OF PAINTING /
_cBECHETT, SISTERWENDY
260 _a[S.N] :
_bDORLING KINDERSLEY ،
_c1994
300 _a400 PP
650 0 4 _aARTS
650 0 4 _aPAINTING
942 _2ddc
_cBK
999 _c18934
_d18934